| 000 | 00520cam a2200169 4500 | ||
|---|---|---|---|
| 008 | 090226n 000 0 eng u | ||
| 020 | _a9280633937 | ||
| 035 | _a(Sirsi) a164301 | ||
| 050 | _aPN4784 | ||
| 100 | _aMytton, Graham | ||
| 245 |
_aHandbook on Radio and Television Audience Research/ _cGraham Mytton |
||
| 260 |
_aNew York: _bWorld Service Training Trust, _c1999 |
||
| 300 | _a191p. | ||
| 504 | _aIncludes bibliographical references | ||
| 650 | _aTelevision - Broadcasting | ||
| 650 | _aRadio - Authorship | ||
| 999 |
_c112038 _d112038 |
||